who did that 00 hit (2) - Statistics

General Stats
  • This quiz has been taken 20 times
  • The average score is 8 of 29
Answer Stats
Hint Answer % Correct
Californication Red hot chili peppers
88%
I`m a slave 4 U Britney Spears
59%
Feel good Inc. Gorillaz
59%
In the end Linkin park
53%
This love Maroon 5
41%
Hot in Herre Nelly
41%
Rock DJ Robbie Williams
41%
Ghetto Gospel 2Pac
35%
One More Time Daft Punk
35%
Survivor Destiny's child
29%
Like toy soliders Eminem
29%
Underneath your clothes Shakira
29%
Check on it Beyonce
24%
Bananza Akon
18%
Paid my dues Anastacia
18%
Am to Pm Christina Milian
18%
Nobody wants to be lonely Ricky Martin
18%
Ever blazin` Sean Paul
18%
Obsesion Aventura
12%
Rise & Fall Craig David
12%
Slow Kylie Minogue
12%
Hollywood Madonna
12%
California Phantom Planet
12%
Hole in the head Sugababes
12%
In the shadows The Rasmus
12%
Amazing George Michael
6%
The Riddle Gigi D Agostino
6%
Lift me up Moby
6%
Not gonna get us tATu
6%
No matching quizzes found
Score Distribution
Percent of People with Each Score
Percentile by Number Answered
Your Score History
You have not taken this quiz